LEADER 01671nam 2200469 450 001 9910465768203321 010 $a87-93102-87-9 035 $a(CKB)3710000000829744 035 $a(MiAaPQ)EBC4509472 035 $a(EXLCZ)993710000000829744 100 $a20160827h20152015 uy 0 101 0 $aeng 135 $aurcnu|||||||| 181 $2rdacontent 182 $2rdamedia 183 $2rdacarrier 200 00$aPost-genomic approaches in cancer and nano medicine /$feditors, Kishore R Sakharkar, Meena K Sakharkar, Ramesh Chandra 210 1$aAalborg, Denmark :$cRiver Publishers,$d2015. 210 4$d©2015 215 $a1 online resource (385 pages) $cillustrations (some color), charts, tables, graphs 225 1 $aRiver Publishers Series in Research and Business Chronicles: Biotechnology and Medicine ;$vVolume 4 311 $a87-93102-86-0 320 $aIncludes bibliographical references at the end of each chapters and index. 410 0$aRiver publishers series in research and business chronicles: biotechnology and medicine ;$vVolume 4. 606 $aCancer$xGenetic aspects 606 $aCancer$xPrevention 606 $aNanomedicine 608 $aElectronic books. 615 0$aCancer$xGenetic aspects. 615 0$aCancer$xPrevention. 615 0$aNanomedicine. 676 $a616.994042 701 $aSakharkar$b Kishore R$0977988 702 $aSakharkar$b Meena K. 702 $aChandra$b Ramesh$f1949- 801 0$bMiAaPQ 801 1$bMiAaPQ 801 2$bMiAaPQ 906 $aBOOK 912 $a9910465768203321 996 $aPost-genomic approaches in cancer and nano medicine$92227962 997 $aUNINA LEADER 01631nam 2200361Ia 450 001 996395200503316 005 20210104171506.0 035 $a(CKB)3810000000015667 035 $a(EEBO)2240925645 035 $a(OCoLC)ocn316338070e 035 $a(OCoLC)316338070 035 $a(EXLCZ)993810000000015667 100 $a20090319d1624 uy 0 101 0 $aeng 135 $aurbn||||a|bb| 200 12$aA true relation of the late cruell and barbarous tortures and execution, done vpon the English at Amboyna in the East Indies, by the Hollanders there residing$b[electronic resource] $eAs it hath byn lately deliuered to the Kings most Excellent Maiesty. 210 $a[Saint-Omer] $cPrinted [at the English College Press]$danno M. DC. XXIIII. [1624] 215 $a71 p 300 $aTitle vignette, head-pieces, initials. 300 $aSometimes attributed to Sir Dudley Digges, but the first and possibly the third parts were written by Sir John Skinner (STC) 300 $aSignatures: A-I⁓. 300 $aPart 1 only. 300 $aReproduction of original in: Henry E. Huntington Library and Art Gallery. 330 $aeebo-0113 607 $aAmbon Island (Indonesia)$xHistory$xMassacre, 1623$vEarly works to 1800 700 $aSkinner$b John$ffl. 1624.$01004717 701 $aDigges$b Dudley$cSir,$f1583-1639.$0322301 801 0$bUMI 801 1$bUMI 906 $aBOOK 912 $a996395200503316 996 $aA true relation of the late cruell and barbarous tortures and execution, done vpon the English at Amboyna in the East Indies, by the Hollanders there residing$92413979 997 $aUNISA